| 000 | 01040nmc a2200325 a 4500 | ||
|---|---|---|---|
| 003 | AR-BaBNM | ||
| 005 | 20251128203042.0 | ||
| 008 | 136119s1979 ||||||||||||||000 | spa|| | ||
| 040 | _cAR-BaBNM | ||
| 100 | 1 | _aPérez Alvarez, Sergio | |
| 245 | 1 | 0 |
_aEl diagnóstico de la situación educativa _bsus cuatro niveles |
| 260 |
_aBuenos Aires _bLibrería del Colegio _c1979 |
||
| 300 | 0 |
_a164 p. _btablas, diagr. |
|
| 490 | 0 | _aBiblioteca nueva pedagogía | |
| 504 | _aBibliografía: p. 159-161 | ||
| 650 | 4 | _aDIAGNOSTICO EDUCACIONAL | |
| 650 | 4 | _aPSICOLOGIA DE LA EDUCACION | |
| 650 | 4 | _aDETECCION DE DEFICIENCIAS | |
| 650 | 4 | _aORIENTACION PEDAGOGICA DE DOCENTES | |
| 650 | 4 | _aORIENTACION PROFESIONAL | |
| 650 | 4 | _aPRUEBAS PSICOLOGICAS | |
| 650 | 4 | _aPRUEBAS DE CONOCIMIENTOS | |
| 650 | 4 | _aPRUEBAS DE PERSONALIDAD | |
| 653 | 0 | _aGABINETES PSICOPEDAGOGICOS | |
| 653 | 0 | _aORIENTACION EDUCATIVA | |
| 700 | 1 |
_aCassani, Juan Emilio _eprologuista |
|
| 800 | 1 |
_aManganiello, Ethel María _edirector |
|
| 942 | _cBK | ||
| 998 | _cSILVI | ||
| 999 |
_c1672 _d1672 |
||